000 00207nam a22000857a 4500
008 160715b xxu||||| |||| 00| 0 eng d
100 _92885
_aEgmont
245 _aLand of Black Gold
260 _aUSA
_bMacmillan
_c2009
999 _c2457
_d2457